书目信息 |
| 题名: |
荀子全译
|
|
| 作者: | 荀况 著 ;蒋南华 , 罗书勤 , 杨寒清 注译 | |
| 分册: | ||
| 出版信息: | 贵阳 贵州人民出版社 2009.03 |
|
| 页数: | 539页 | |
| 开本: | 23cm | |
| 丛书名: | 中国历代名著全译丛书 | |
| 单 册: | ||
| 中图分类: | B222.6 | |
| 科图分类: | ||
| 主题词: | 儒家--ru jia | |
| 电子资源: | ||
| ISBN: | 978-7-221-08368-5 | |
| 000 | 01143nam 2200313 450 | |
| 001 | 012010440171 | |
| 005 | 20101104165040.23 | |
| 010 | @a978-7-221-08368-5@dCNY52.00 | |
| 100 | @a20101104d2009 em y0chiy0120 ea | |
| 101 | 0 | @achi |
| 102 | @aCN@b520000 | |
| 105 | @ay z 000yy | |
| 106 | @ar | |
| 200 | 1 | @a荀子全译@Axun zi quan yi@f(战国) 荀况著@F(zhan guo)xun kuang zhu@g蒋南华, 罗书勤, 杨寒清注译@Gjiang nan hua,luo shu qin,yang han qing zhu yi |
| 205 | @a修订版 | |
| 210 | @a贵阳@c贵州人民出版社@d2009.03 | |
| 215 | @a539页@d23cm | |
| 225 | 2 | @a中国历代名著全译丛书@Azhong guo li dai ming zhu quan yi cong shu |
| 330 | @a《荀子》的文章论题鲜明,结构严谨,说理透彻,有很强的逻辑性。语言丰富多彩,善于比喻,排比偶句很多,有他特有的风格,对后世说理文章有一定影响。 | |
| 410 | 0 | @12001 @a中国历代名著全译丛书 |
| 605 | @a荀子@Axun zi@x译文 | |
| 606 | 0 | @a儒家@Aru jia |
| 690 | @aB222.6@v4 | |
| 701 | 0 | @a荀况@Axun kuang@4著 |
| 702 | 0 | @a蒋南华@Ajiang nan hua@4注译 |
| 702 | 0 | @a罗书勤@Aluo shu qin@4注译 |
| 702 | 0 | @a杨寒清@Ayang han qing@4注译 |
| 801 | 0 | @aCN@bQSSK@c20101104 |
| 905 | @b786862-63@dB222.6@eX990@f2 | |
| 荀子全译/(战国) 荀况著/蒋南华, 罗书勤, 杨寒清注译.-修订版.-贵阳:贵州人民出版社,2009.03 |
| 539页;23cm.-(中国历代名著全译丛书) |
| ISBN 978-7-221-08368-5:CNY52.00 |
| 《荀子》的文章论题鲜明,结构严谨,说理透彻,有很强的逻辑性。语言丰富多彩,善于比喻,排比偶句很多,有他特有的风格,对后世说理文章有一定影响。 |
| ● |
| 相关链接 |
|
|
|
正题名:荀子全译
索取号:B222.6/X990
 
预约/预借
| 序号 | 登录号 | 条形码 | 馆藏地/架位号 | 状态 | 备注 |
| 1 | 786862 | 207868627 | 社科库509/422社科库 46排1列2层/ [索取号:B222.6/X990] | 在馆 | |
| 2 | 786863 | 207868636 | 社科库509/422社科库 46排1列2层/ [索取号:B222.6/X990] | 在馆 |